[Event "Online Olym Div3 B 2021"]
[Site "chess.com INT"]
[Date "2021.08.29"]
[Round "7.5"]
[Board "2"]
[White "Ahmed, Ali Layth Ahmed"]
[Black "Antonios, Johnny"]
[Result "1-0"]
[WhiteTitle "FM"]
[BlackTitle "CM"]
[WhiteElo "2253"]
[BlackElo "2257"]
[WhiteTeam "Iraq"]
[BlackTeam "Lebanon"]
[WhiteFideId "4801920"]
[BlackFideId "5300843"]
[EventDate "2021.08.27"]
[EventType "team"]

1. d4 Nf6 2. c4 e6 3. Nf3 b6 4. a3 Bb7 5. Nc3 d5 6. Bg5 Be7 7. Bxf6 Bxf6 8. cxd5
exd5 9. g3 O-O 10. Bg2 Re8 11. O-O Nd7 12. Qb3 c6 13. Rad1 a5 14. a4 Qe7 15.
Rfe1 Qb4 16. Qc2 g6 17. h4 Rad8 18. e3 c5 19. Nb5 cxd4 20. exd4 Rxe1+ 21. Rxe1
Ba6 22. Nc3 Bc4 23. h5 Bb3 24. Qd3 Nf8 25. Bh3 Bc4 26. Qd2 gxh5 27. Ne5 Qd6 28.
Qd1 Bxe5 29. Rxe5 Ng6 30. Rxh5 Re8 31. Qf3 Qe7 32. Kh2 Qe1 33. Bg2 Bf1 34. Nxd5
Bxg2 35. Qxg2 Re6 36. Ne3 Qb4 37. d5 Rd6 38. Qf3 Qxa4 39. Nf5 Rd7 40. d6 Qc4 41.
Nh6+ Kf8 42. Qf6 Qe6 43. Qf3 Qxd6 44. Nf5 Qd5 45. Qe3 Qd2 46. Qa3+ Kg8 47. Qf3
Rd3 48. Qa8+ Rd8 49. Qf3 Rd3 50. Ne3 Kg7 51. Rf5 Rd7 52. Ng4 Qd1 53. Qc3+ Qd4
54. Qf3 Qd1 55. Rxf7+ Kg8 56. Nh6+ Kh8 57. Qf6# 1-0

[Event "Online Olym Div3 B 2021"]
[Site "chess.com INT"]
[Date "2021.08.29"]
[Round "7.5"]
[Board "3"]
[White "Mouradian, Knarik"]
[Black "A-Ali, Sali Abbas Abdulzahra"]
[Result "1-0"]
[WhiteTitle "WIM"]
[BlackTitle "WFM"]
[WhiteElo "2121"]
[BlackElo "1919"]
[WhiteTeam "Lebanon"]
[BlackTeam "Iraq"]
[WhiteFideId "5300517"]
[BlackFideId "4804929"]
[EventDate "2021.08.27"]
[EventType "team"]

1. e4 e6 2. d3 c5 3. Nf3 Nc6 4. g3 Nge7 5. Bg2 g6 6. O-O Bg7 7. c3 O-O 8. Re1 d6
9. d4 b5 10. d5 exd5 11. exd5 Nb8 12. Bg5 f6 13. Be3 Na6 14. Na3 Rb8 15. Nc2 Bb7
16. a4 Bxd5 17. axb5 Nc7 18. Rxa7 Rxb5 19. b4 cxb4 20. Nxb4 Bf7 21. Qe2 Rb8 22.
Bd4 Nc8 23. Nc6 Qe8 24. Rxc7 Qxe2 25. Rxe2 Nb6 26. Nxb8 Rxb8 27. Ree7 Nd5 28.
Rxf7 Nxc7 29. Rxc7 Rd8 30. Ng5 Re8 31. Bd5+ Kh8 32. Nf7+ Kg8 33. Nxd6+ 1-0

[Event "Online Olym Div3 B 2021"]
[Site "chess.com INT"]
[Date "2021.08.29"]
[Round "7.5"]
[Board "4"]
[White "Al-Fayyadh, Zainab Asif Abdulah"]
[Black "Jalloul, Maya"]
[Result "0-1"]
[BlackTitle "WFM"]
[WhiteElo "1658"]
[BlackElo "1861"]
[WhiteTeam "Iraq"]
[BlackTeam "Lebanon"]
[WhiteFideId "4806476"]
[BlackFideId "5300800"]
[EventDate "2021.08.27"]
[EventType "team"]

1. e4 c5 2. Nc3 a6 3. f4 Nc6 4. Nf3 g6 5. a3 Bg7 6. Bc4 e6 7. O-O Nge7 8. d3 O-O
9. Kh1 d6 10. Qe1 b5 11. Ba2 Nd4 12. Nxd4 cxd4 13. Ne2 Qc7 14. c3 dxc3 15. bxc3
Bb7 16. Bd2 d5 17. Ng3 dxe4 18. Nxe4 Rad8 19. d4 Nd5 20. Qh4 Qe7 21. Qh3 Rc8 22.
Nc5 Rfd8 23. Rae1 Nf6 24. f5 Rxc5 25. fxe6 Bd5 26. dxc5 Bxa2 27. exf7+ Qxf7 28.
Bg5 Rf8 29. Qh4 Bc4 30. Rf4 Be6 31. h3 Bd5 32. Ref1 Qb7 33. R1f2 Ne4 34. Rxf8+
Bxf8 0-1

[Event "Online Olym Div3 B 2021"]
[Site "chess.com INT"]
[Date "2021.08.29"]
[Round "7.5"]
[Board "5"]
[White "Boulos, Carlos"]
[Black "Rabeea, Sabah Nori"]
[Result "1-0"]
[WhiteTitle "CM"]
[BlackTitle "FM"]
[WhiteElo "2127"]
[BlackElo "2009"]
[WhiteTeam "Lebanon"]
[BlackTeam "Iraq"]
[WhiteFideId "5302749"]
[BlackFideId "4806212"]
[EventDate "2021.08.27"]
[EventType "team"]

1. e4 e5 2. Nf3 Nf6 3. Nc3 Bb4 4. d3 d5 5. exd5 Nxd5 6. Bd2 Nc6 7. Be2 O-O 8.
O-O Bxc3 9. bxc3 Re8 10. Rb1 Bf5 11. c4 Nb6 12. Bg5 f6 13. Be3 Rb8 14. Rb5 Nc8
15. Qb1 b6 16. Rd1 Nd6 17. Rb3 Qe7 18. h3 Na5 19. Rb2 Rbd8 20. c5 Ndb7 21. d4
exd4 22. Nxd4 Bg6 23. Bb5 Rf8 24. cxb6 axb6 25. Re1 Nd6 26. Bc6 Ndc4 27. Rb5 1-0

[Event "Online Olym Div3 B 2021"]
[Site "chess.com INT"]
[Date "2021.08.29"]
[Round "8.1"]
[Board "1"]
[White "Eiti, Bashir"]
[Black "Salih, Akar Ali Salih"]
[Result "1-0"]
[WhiteTitle "IM"]
[BlackTitle "FM"]
[WhiteElo "2340"]
[BlackElo "2274"]
[WhiteTeam "Syria"]
[BlackTeam "Iraq"]
[WhiteFideId "7601875"]
[BlackFideId "4800575"]
[EventDate "2021.08.27"]
[EventType "team"]

1. d4 Nf6 2. Bf4 g6 3. Nc3 c5 4. d5 Bg7 5. d6 e6 6. Nf3 O-O 7. Qd2 Nc6 8. Bh6
Nd4 9. Bxg7 Nxf3+ 10. exf3 Kxg7 11. O-O-O b6 12. h4 h5 13. g4 Bb7 14. g5 Nd5 15.
Ne4 e5 16. Bc4 Nf4 17. Qc3 Re8 18. Nf6 Re6 19. Rhe1 Rxf6 20. Qxe5 Bxf3 21. Rd2
Ng2 22. Qxf6+ Qxf6 23. gxf6+ Kxf6 24. Re7 Nxh4 25. Rxf7+ Kg5 26. Rxd7 Bg4 27.
Rf7 Nf5 28. d7 Rd8 29. Be6 h4 30. Rh7 h3 31. f3 Bh5 32. Rh2 Nd4 33. Bxh3 Nxf3
34. Re2 Ng1 35. Rg2+ Kh4 36. Rxg1 Kxh3 37. Rxg6 1-0

[Event "Online Olym Div3 B 2021"]
[Site "chess.com INT"]
[Date "2021.08.29"]
[Round "8.1"]
[Board "2"]
[White "Al-Ali, Hussein Ali Hussein"]
[Black "Koniahli, Malek."]
[Result "0-1"]
[WhiteTitle "IM"]
[BlackTitle "FM"]
[WhiteElo "2277"]
[BlackElo "2255"]
[WhiteTeam "Iraq"]
[BlackTeam "Syria"]
[WhiteFideId "4800192"]
[BlackFideId "7603495"]
[EventDate "2021.08.27"]
[EventType "team"]

1. c4 c6 2. Nc3 d5 3. e3 Nf6 4. Nf3 a6 5. a4 e6 6. d4 a5 7. Bd3 Na6 8. e4 Nb4 9.
e5 Nxd3+ 10. Qxd3 dxc4 11. Qxc4 Nd5 12. O-O Be7 13. Ne4 h6 14. Rd1 O-O 15. b3
Nb4 16. Ba3 Qd5 17. Ned2 b6 18. Qc3 b5 19. Rdc1 Bb7 20. Qe3 bxa4 21. bxa4 c5 22.
dxc5 Rac8 23. Bxb4 axb4 24. Qd4 b3 25. Rcb1 Bxc5 26. Qxd5 Bxd5 27. Nxb3 Ba7 28.
Nbd4 Bxf3 29. Nxf3 Rc2 30. Rf1 Rb8 31. Ne1 Rd2 32. Nf3 Rc2 33. Ne1 Rc3 34. Nf3
Rb2 35. Rab1 Bxf2+ 36. Kh1 Ra2 37. Ra1 Rca3 38. Rxa2 Rxa2 39. g3 Ba7 40. Rc1 g5
41. Rc4 Kg7 42. h4 gxh4 43. Nxh4 Re2 44. Nf3 Rf2 45. Nh4 Ra2 46. Rg4+ Kh7 47.
Rc4 Kg7 48. Rg4+ Kf8 49. Rb4 h5 50. Nf3 Kg7 51. Nh4 Bc5 52. Rc4 Bf2 53. Kg2 Bd4+
54. Kh3 Bxe5 55. Nf3 Bf6 56. Rf4 Ra3 57. Kg2 Kg6 58. Nh4+ Bxh4 59. Rxh4 e5 60.
Rb4 f5 61. Rb6+ Kg5 62. Ra6 e4 63. a5 h4 64. gxh4+ Kxh4 65. Ra8 Ra2+ 66. Kf1 Kg4
67. Ke1 Kf3 68. Kd1 f4 69. a6 e3 70. a7 e2+ 71. Ke1 Ra1+ 0-1

[Event "Online Olym Div3 B 2021"]
[Site "chess.com INT"]
[Date "2021.08.29"]
[Round "8.1"]
[Board "3"]
[White "Mahmoud, Roula"]
[Black "Al-Fayyadh, Zainab Asif Abdulah"]
[Result "1/2-1/2"]
[WhiteTitle "WFM"]
[WhiteElo "1765"]
[BlackElo "1658"]
[WhiteTeam "Syria"]
[BlackTeam "Iraq"]
[WhiteFideId "7601263"]
[BlackFideId "4806476"]
[EventDate "2021.08.27"]
[EventType "team"]

1. e4 e5 2. Nf3 Nc6 3. Bc4 Bc5 4. O-O Nf6 5. d3 d6 6. c3 Be6 7. Bb3 h6 8. Nbd2
O-O 9. h3 Bb6 10. Re1 Qd7 11. Nf1 Ne7 12. d4 exd4 13. cxd4 Bxb3 14. Qxb3 Ng6 15.
Ng3 Rfe8 16. Bd2 Re7 17. Rad1 Rae8 18. e5 dxe5 19. dxe5 Nxe5 20. Nxe5 Rxe5 21.
Rxe5 Rxe5 22. Bxh6 Rd5 23. Rxd5 Qxd5 24. Qxd5 Nxd5 25. Bd2 Bd4 26. b3 g6 27. Kf1
c5 28. Ne4 b5 29. Nd6 a6 30. Ke2 Kf8 31. f3 f5 32. a4 Ke7 33. Nb7 c4 34. bxc4
bxc4 35. Na5 c3 36. Nc6+ Kd6 37. Nxd4 cxd2 38. Kxd2 Nf4 39. g4 Kd5 40. Ke3 Nxh3
41. gxf5 gxf5 42. Nxf5 Kc4 43. Nd6+ Kb4 44. Ne4 Kxa4 45. Nc5+ Kb5 46. Nxa6 Kxa6
47. f4 Nxf4 1/2-1/2

[Event "Online Olym Div3 B 2021"]
[Site "chess.com INT"]
[Date "2021.08.29"]
[Round "8.1"]
[Board "4"]
[White "Jalaluldeen, Kareen Kamal J."]
[Black "Algildah, Nibal"]
[Result "1-0"]
[WhiteTitle "WFM"]
[BlackTitle "WIM"]
[WhiteElo "1780"]
[BlackElo "1852"]
[WhiteTeam "Iraq"]
[BlackTeam "Syria"]
[WhiteFideId "4801776"]
[BlackFideId "7600950"]
[EventDate "2021.08.27"]
[EventType "team"]

1. d4 d5 2. c4 Nf6 3. Nc3 c6 4. Nf3 Bf5 5. Qb3 Qb6 6. c5 Qc7 7. g3 Nbd7 8. Bf4
Qc8 9. Bg2 h6 10. h4 e6 11. Ne5 Nxe5 12. Bxe5 Nd7 13. Bf4 e5 14. dxe5 Nxc5 15.
Qd1 Ne6 16. e3 Nc5 17. O-O Be7 18. h5 g5 19. hxg6 fxg6 20. e4 dxe4 21. Qe2 Bg4
22. Qc2 Bh3 23. Nxe4 Qf5 24. Bxh3 Qxe4 25. Qxe4 Nxe4 26. Rad1 Rd8 27. Rxd8+ Kxd8
28. Rd1+ Ke8 29. Rd7 g5 30. Be3 Nc5 31. Bxc5 Bxc5 32. Rxb7 Bb6 33. Bd7+ 1-0

[Event "Online Olym Div3 B 2021"]
[Site "chess.com INT"]
[Date "2021.08.29"]
[Round "8.1"]
[Board "5"]
[White "Razouk, odyai"]
[Black "Rabeea, Sabah Nori"]
[Result "0-1"]
[BlackTitle "FM"]
[WhiteElo "1883"]
[BlackElo "2009"]
[WhiteTeam "Syria"]
[BlackTeam "Iraq"]
[WhiteFideId "7607695"]
[BlackFideId "4806212"]
[EventDate "2021.08.27"]
[EventType "team"]

1. d4 d5 2. Nf3 Nf6 3. c4 e6 4. g3 c6 5. Bg2 Bd6 6. b3 Nbd7 7. O-O O-O 8. Bb2
Re8 9. Nc3 b6 10. Re1 Ba6 11. e4 dxe4 12. Nxe4 Nxe4 13. Rxe4 Rc8 14. Re1 Nf6 15.
Rc1 c5 16. dxc5 Bxc5 17. Qxd8 Rexd8 18. Rcd1 Bb4 19. Rxd8+ Rxd8 20. Rc1 Bb7 21.
Nd4 Bxg2 22. Kxg2 Bc5 23. Nf3 Ne4 24. Rc2 Rd1 25. a3 a5 26. Re2 f5 27. Ne5 Bxf2
28. Nc6 Rg1+ 29. Kf3 Bc5 30. b4 axb4 31. axb4 Bd6 32. Bd4 Rc1 33. Bxb6 Rxc4 34.
b5 Rc3+ 35. Kg2 Rb3 36. Nd4 Rb1 37. Nxe6 Rxb5 38. Bd4 g6 39. Rc2 Kf7 40. Nd8+
Ke8 41. Nc6 Kd7 42. Bg7 Rb1 43. Ne5+ Ke6 44. Nf3 Bc5 45. Bd4 Bxd4 46. Nxd4+ Kd5
47. Nf3 Rb7 48. Ra2 Ke6 49. Ra6+ Kf7 50. Ne5+ Kg7 51. Ra2 Kf6 52. Nf3 Rb6 53. h4
h6 54. Ne1 g5 55. hxg5+ hxg5 56. Re2 g4 57. Nc2 Ng5 58. Ne3 Rb1 59. Nd5+ Kf7 60.
Ne3 Kg6 61. Nd5 Ne4 62. Nf4+ Kf6 63. Nd5+ Ke5 64. Ne3 Rb3 65. Nf1 Kd4 66. Ra2
Rb4 67. Re2 Rb1 68. Ne3 Ke5 69. Nc4+ Kd4 70. Ne3 Rb5 71. Nf1 Kd3 72. Re3+ Kd4
73. Re2 Rb3 74. Rc2 Kd3 75. Ra2 Rb1 76. Nh2 Re1 77. Ra3+ Nc3 78. Nf1 Re2+ 79.
Kg1 Kd4 80. Ra5 Nd5 81. Ra4+ Ke5 82. Ra5 Ke4 83. Ra4+ Kf3 84. Ra3+ Ne3 85. Nh2+
Kxg3 86. Nf1+ Kf4 87. Ra4+ Kg5 88. Nh2 f4 89. Ra5+ Kh4 90. Ra8 Rg2+ 91. Kh1 Kg3
92. Rh8 f3 93. Nf1+ Kf2 94. Nd2 Rg1+ 95. Kh2 g3+ 96. Kh3 Rh1# 0-1

[Event "Online Olym Div3 B 2021"]
[Site "chess.com INT"]
[Date "2021.08.29"]
[Round "8.1"]
[Board "6"]
[White "Sara Masood Abdullah"]
[Black "Ahmad Murad, Fatema Alzahraa."]
[Result "1-0"]
[WhiteElo "1683"]
[BlackElo "1872"]
[WhiteTeam "Iraq"]
[BlackTeam "Syria"]
[WhiteFideId "4809610"]
[BlackFideId "7602103"]
[EventDate "2021.08.27"]
[EventType "team"]

1. d3 e6 2. e4 d5 3. exd5 exd5 4. d4 Nf6 5. Nf3 Bd6 6. Bd3 h6 7. O-O O-O 8. Re1
Bg4 9. h3 Bh5 10. Nbd2 Nbd7 11. b3 Re8 12. Bb2 Bb4 13. c3 Bd6 14. Qc2 Nf8 15.
Rxe8 Qxe8 16. Re1 Qc6 17. Ne5 Bxe5 18. dxe5 Re8 19. c4 Bg6 20. Re3 N6d7 21. Qc3
f6 22. Bxg6 Nxg6 23. exf6 Nxf6 24. Rxe8+ Qxe8 25. cxd5 Nf4 26. Qe5 N4xd5 27. Nc4
Qxe5 28. Bxe5 Nd7 29. Bb2 Nb4 30. a3 Nd3 31. Bd4 b6 32. b4 c5 33. bxc5 bxc5 34.
Bc3 Nb6 35. Nd6 Kf8 36. Kf1 Nf4 37. h4 Nfd5 38. Ba1 c4 39. Ne4 g6 40. Ke2 Ke7
41. Kd2 Ke6 42. Bd4 a6 43. g4 Na4 44. f3 Nab6 45. Bxb6 Nxb6 46. Nc5+ Ke5 47.
Nxa6 Kf4 48. Ke2 c3 49. Nb4 1-0

[Event "Online Olym Div3 B 2021"]
[Site "chess.com INT"]
[Date "2021.08.29"]
[Round "8.2"]
[Board "1"]
[White "Paiva, Donaldo"]
[Black "Khairallah, Faisal"]
[Result "1/2-1/2"]
[WhiteTitle "CM"]
[BlackTitle "FM"]
[WhiteElo "2201"]
[BlackElo "2247"]
[WhiteTeam "Mozambique"]
[BlackTeam "Lebanon"]
[WhiteFideId "14800098"]
[BlackFideId "4628250"]
[EventDate "2021.08.27"]
[EventType "team"]

1. d4 Nf6 2. c4 d6 3. Nf3 g6 4. g3 Bg7 5. Bg2 O-O 6. O-O Nbd7 7. Nc3 e5 8. h3
Re8 9. e4 exd4 10. Nxd4 a6 11. Re1 Rb8 12. Bf4 Ne5 13. b3 c5 14. Nc2 b5 15. Ne3
Nh5 16. Bxe5 Bxe5 17. Rc1 Be6 18. Ncd5 Nf6 19. Kh2 Nxd5 20. cxd5 Bd7 21. f4 Bg7
22. h4 Rc8 23. h5 g5 24. h6 Bxh6 25. Qh5 Qf6 26. Bh3 Bxh3 27. Kxh3 Qg6 28. Qxg6+
hxg6 29. Ng4 Bg7 30. e5 gxf4 31. gxf4 Rcd8 32. Rcd1 g5 33. fxg5 Bxe5 34. Nh6+
Kg7 35. Kg4 Kg6 36. Nf5 Rh8 37. Rh1 c4 38. bxc4 bxc4 39. Ne7+ Kg7 40. Nf5+ Kg6
41. Ne7+ Kg7 42. Nf5+ Kg6 1/2-1/2

[Event "Online Olym Div3 B 2021"]
[Site "chess.com INT"]
[Date "2021.08.29"]
[Round "8.2"]
[Board "2"]
[White "Antonios, Johnny"]
[Black "Calicoca, Wilton Inacio"]
[Result "1-0"]
[WhiteTitle "CM"]
[BlackTitle "FM"]
[WhiteElo "2257"]
[BlackElo "2119"]
[WhiteTeam "Lebanon"]
[BlackTeam "Mozambique"]
[WhiteFideId "5300843"]
[BlackFideId "14800268"]
[EventDate "2021.08.27"]
[EventType "team"]

1. e4 e5 2. Nf3 Nc6 3. Bc4 Be7 4. O-O Nf6 5. d3 O-O 6. Re1 d6 7. a4 Bg4 8. c3 a6
9. Na3 Qd7 10. Bd2 Nd8 11. d4 Nc6 12. d5 Na5 13. Bf1 b6 14. b4 Bxf3 15. gxf3 Nb7
16. f4 a5 17. fxe5 dxe5 18. Nb5 c6 19. dxc6 Qxc6 20. Qe2 Rfd8 21. Bg2 Nd6 22.
bxa5 bxa5 23. Rac1 Nc4 24. Bg5 h6 25. Bxf6 Bxf6 26. Rcd1 Be7 27. Rd5 Bf6 28.
Red1 Nb6 29. Rd6 Rxd6 30. Rxd6 Qc5 31. Qa2 Nc4 32. Rd5 Qc6 33. Qb3 Nb6 34. Rd6
Qc4 35. Qxc4 Nxc4 36. Rd1 Nb6 37. Ra1 Rd8 38. Na7 Rd6 39. Bf1 Be7 40. Bb5 Rd2
41. Nc6 Bc5 42. Nxa5 Rxf2 43. Kh1 Nc8 44. Rd1 Nd6 45. Nb3 Nxe4 46. Bc6 Rb2 47.
Bxe4 Rxb3 48. Rd8+ Bf8 49. Rc8 Ra3 50. Rc4 g6 51. Kg2 f5 52. Bd5+ Kg7 53. Kf3
Kf6 54. h4 e4+ 55. Ke3 Ke5 56. Bc6 Ra2 57. Bxe4 fxe4 58. Rxe4+ 1-0

[Event "Online Olym Div3 B 2021"]
[Site "chess.com INT"]
[Date "2021.08.29"]
[Round "8.2"]
[Board "3"]
[White "Vilhete, Vania Fausto Da T."]
[Black "Mouradian, Knarik"]
[Result "0-1"]
[WhiteTitle "WIM"]
[BlackTitle "WIM"]
[WhiteElo "1753"]
[BlackElo "2121"]
[WhiteTeam "Mozambique"]
[BlackTeam "Lebanon"]
[WhiteFideId "14800144"]
[BlackFideId "5300517"]
[EventDate "2021.08.27"]
[EventType "team"]

1. d4 d5 2. c4 c6 3. e3 Nf6 4. Nf3 e6 5. Bd3 Nbd7 6. Nbd2 Be7 7. O-O O-O 8. b3
b6 9. Bb2 Bb7 10. Rc1 Rc8 11. Re1 c5 12. Bb1 Re8 13. Qc2 dxc4 14. bxc4 cxd4 15.
Nxd4 Bb4 16. Red1 Qe7 17. Qb3 a6 18. N2f3 Ne4 19. a3 Bc5 20. Qd3 Red8 21. Nd2
Ndf6 22. Qb3 Rd7 23. Nxe4 Nxe4 24. Bxe4 Bxe4 25. f3 Bb7 26. Qc3 f6 27. Ne2 Rcd8
28. Rxd7 Qxd7 29. Nd4 e5 30. Nb3 e4 31. Nxc5 bxc5 32. f4 Qa4 33. Qc2 Qxc2 34.
Rxc2 Rd3 35. Kf2 Bc6 36. Ke2 Ba4 37. Rd2 Rb3 38. g3 Kf7 39. h3 f5 40. g4 g6 41.
g5 Ke6 42. h4 Rb7 43. Be5 Bb3 44. Rd6+ Ke7 45. Rxa6 Bxc4+ 46. Kd2 Bxa6 47. Kc3
c4 0-1

[Event "Online Olym Div3 B 2021"]
[Site "chess.com INT"]
[Date "2021.08.29"]
[Round "8.2"]
[Board "4"]
[White "Nekrasova, Elena"]
[Black "Sitoe, Cheila Andre"]
[Result "1-0"]
[WhiteTitle "WFM"]
[BlackTitle "WCM"]
[WhiteElo "2028"]
[BlackElo "1588"]
[WhiteTeam "Lebanon"]
[BlackTeam "Mozambique"]
[WhiteFideId "14100908"]
[BlackFideId "14800780"]
[EventDate "2021.08.27"]
[EventType "team"]

1. e4 c6 2. d4 d5 3. exd5 cxd5 4. Bd3 Nf6 5. c3 e6 6. Bf4 Bd6 7. Bxd6 Qxd6 8.
Nf3 Nc6 9. Qe2 a6 10. Ne5 b5 11. a3 Bb7 12. O-O Na5 13. Nd2 Rc8 14. Bxb5+ axb5
15. Qxb5+ Nc6 16. Qxb7 O-O 17. Qa6 Nd7 18. f4 Ndb8 19. Qd3 Qe7 20. a4 Qb7 21. b4
Ne7 22. Nb3 Rc7 23. Nc5 Qa7 24. a5 Rfc8 25. b5 Rxc5 26. dxc5 Qxc5+ 27. Kh1 f6
28. Nf3 Nf5 29. Nd4 Nxd4 30. cxd4 Qb4 31. Rfb1 1-0

[Event "Online Olym Div3 B 2021"]
[Site "chess.com INT"]
[Date "2021.08.29"]
[Round "8.2"]
[Board "5"]
[White "Celso Andre Manjate"]
[Black "Boulos, Carlos"]
[Result "0-1"]
[BlackTitle "CM"]
[WhiteElo "1721"]
[BlackElo "2127"]
[WhiteTeam "Mozambique"]
[BlackTeam "Lebanon"]
[WhiteFideId "14800802"]
[BlackFideId "5302749"]
[EventDate "2021.08.27"]
[EventType "team"]

1. e4 e5 2. Nf3 Nc6 3. Bc4 Bc5 4. O-O Nf6 5. c3 d6 6. d4 Bb6 7. dxe5 Nxe5 8.
Nxe5 dxe5 9. Qxd8+ Kxd8 10. Bxf7 Rf8 11. Bb3 Nxe4 12. Be3 Bxe3 13. fxe3 Rxf1+
14. Kxf1 Bf5 15. Ke1 Nc5 16. Nd2 Ke7 17. h3 Rd8 18. Nf3 Nd3+ 19. Ke2 Be4 20. Rd1
Nxb2 21. Rxd8 Kxd8 22. Nxe5 Bxg2 23. Bc2 h6 24. Kd2 Ke7 25. Ng6+ Kd6 26. Nf4
Nc4+ 27. Kd3 Ne5+ 28. Kd2 Bf1 29. Bb3 g5 30. Ne2 Bxh3 31. Ng3 Bg4 32. Ke1 Nd3+
33. Kf1 Nc5 34. Bc2 h5 35. Kg2 h4 36. Nf5+ Ke5 37. Nd4 a6 38. a3 Ne4 0-1

[Event "Online Olym Div3 B 2021"]
[Site "chess.com INT"]
[Date "2021.08.29"]
[Round "8.3"]
[Board "1"]
[White "Methu, Joseph Muragu"]
[Black "O'Donnell, Conor"]
[Result "1/2-1/2"]
[BlackTitle "FM"]
[WhiteElo "2125"]
[BlackElo "2314"]
[WhiteTeam "Kenya"]
[BlackTeam "Ireland"]
[WhiteFideId "10804714"]
[BlackFideId "2504243"]
[EventDate "2021.08.27"]
[EventType "team"]

1. d4 Nf6 2. c4 e6 3. Nc3 Bb4 4. e3 b6 5. Bd3 Bb7 6. f3 O-O 7. Ne2 d6 8. O-O e5
9. a3 Bxc3 10. Nxc3 a5 11. d5 Na6 12. e4 Nc5 13. Be3 Nfd7 14. Bc2 g6 15. Bh6 Re8
16. Qd2 a4 17. Bg5 f6 18. Be3 Rf8 19. Qd1 Ba6 20. Nxa4 Bxc4 21. Nxc5 bxc5 22.
Re1 Qb8 23. b3 Ba6 24. Qd2 1/2-1/2

[Event "Online Olym Div3 B 2021"]
[Site "chess.com INT"]
[Date "2021.08.29"]
[Round "8.3"]
[Board "2"]
[White "Jessel, Stephen"]
[Black "Likoko, Elvis"]
[Result "1/2-1/2"]
[WhiteTitle "FM"]
[WhiteElo "2297"]
[BlackElo "1646"]
[WhiteTeam "Ireland"]
[BlackTeam "Kenya"]
[WhiteFideId "628859"]
[BlackFideId "10815090"]
[EventDate "2021.08.27"]
[EventType "team"]

1. Nf3 Nf6 2. c4 g6 3. b4 a5 4. b5 d6 5. g3 Bg7 6. Bb2 O-O 7. Bg2 e5 8. O-O Re8
9. d3 h6 10. Nc3 Nbd7 11. Qc2 Nc5 12. Nd2 Rb8 13. Ba3 Ne6 14. e3 b6 15. Rad1 Bb7
16. Bxb7 Rxb7 17. Nde4 Nxe4 18. dxe4 h5 19. Qe2 Qg5 20. h4 Qg4 21. Kg2 Qxe2 22.
Nxe2 f5 23. Nc3 f4 24. Nd5 Rf8 25. Rh1 Rbb8 26. Rdg1 Rbe8 27. Rh2 Rf7 28. Kh1
fxe3 29. fxe3 Ref8 30. g4 hxg4 31. Rxg4 Rf1+ 32. Rg1 R8f2 33. Rxf2 Rxf2 34. Rxg6
Kf7 35. Rg2 Rf1+ 36. Rg1 Rf2 37. Rg2 Rf1+ 38. Kh2 Bh6 39. Kg3 Re1 40. Rf2+ Kg7
41. Rg2 Kf7 42. Kf2 Rh1 43. Kg3 Re1 1/2-1/2

[Event "Online Olym Div3 B 2021"]
[Site "chess.com INT"]
[Date "2021.08.29"]
[Round "8.3"]
[Board "3"]
[White "Ndirangu, Nyaruai, Joyce"]
[Black "Gelip, Ioana"]
[Result "0-1"]
[WhiteTitle "WCM"]
[BlackTitle "WFM"]
[WhiteElo "1647"]
[BlackElo "2185"]
[WhiteTeam "Kenya"]
[BlackTeam "Ireland"]
[WhiteFideId "10802886"]
[BlackFideId "1202260"]
[EventDate "2021.08.27"]
[EventType "team"]

1. d4 Nf6 2. Nf3 e6 3. Bf4 b6 4. e3 Bb7 5. Nbd2 Be7 6. Bd3 c5 7. c3 Nc6 8. Qe2
O-O 9. h3 d6 10. O-O cxd4 11. exd4 Rc8 12. Rad1 Na5 13. Rfe1 Bd5 14. Bb1 Nc4 15.
Nf1 b5 16. Ne3 Bxf3 17. gxf3 Nxe3 18. fxe3 Nh5 19. Qd3 f5 20. Bh2 Bh4 21. Re2
Bg3 22. Rg2 Bxh2+ 23. Kxh2 a6 24. Rdg1 Kh8 25. Rg5 g6 26. a3 Qf6 27. Qe2 f4 28.
Rxg6 hxg6 29. Rxg6 Ng3 30. Qd3 Qf5 31. Qd1 Qh5 32. exf4 Nf5 33. Rxe6 Qh4 34.
Bxf5 Rxf5 35. Qe2 Qxf4+ 36. Kh1 Rg8 37. Qe3 Qxe3 38. Rxe3 Rfg5 39. h4 Rg1+ 40.
Kh2 R1g2+ 41. Kh1 Rxb2 42. Re4 Rc2 43. Re3 Ra2 44. Re6 Rxa3 45. Rxd6 a5 46. Rd5
Rxc3 47. Rxb5 a4 48. Ra5 a3 49. h5 Rxf3 50. Kh2 Rf2+ 51. Kh3 a2 52. d5 Rf5 53.
Kh4 Rf1 0-1

[Event "Online Olym Div3 B 2021"]
[Site "chess.com INT"]
[Date "2021.08.29"]
[Round "8.3"]
[Board "4"]
[White "Kanyamarala, Trisha"]
[Black "Wanjiru, Lucy"]
[Result "1-0"]
[WhiteTitle "WIM"]
[BlackTitle "WCM"]
[WhiteElo "2180"]
[BlackElo "1619"]
[WhiteTeam "Ireland"]
[BlackTeam "Kenya"]
[WhiteFideId "45004722"]
[BlackFideId "10808590"]
[EventDate "2021.08.27"]
[EventType "team"]

1. d4 d5 2. c4 e6 3. Nc3 Nf6 4. cxd5 exd5 5. Bg5 Be7 6. e3 h6 7. Bh4 O-O 8. Bd3
c6 9. Nge2 Ne4 10. Bxe7 Qxe7 11. O-O Nd7 12. Qc2 Ndf6 13. Rae1 Bf5 14. Nf4 Bh7
15. f3 Nxc3 16. Bxh7+ Nxh7 17. bxc3 Qg5 18. Nd3 Rfe8 19. e4 Nf6 20. e5 Nh7 21.
f4 Qf5 22. Qe2 h5 23. Rf3 Nf8 24. Rh3 g6 25. Rf3 Ne6 26. h3 Kg7 27. Qd2 b6 28.
Nf2 h4 29. Ng4 Rh8 30. Ne3 Qh5 31. f5 gxf5 32. Nxf5+ Kf8 33. Nd6 Ng5 34. Rf5 Rg8
35. Kh1 Qg6 36. Ref1 Rg7 37. Rf6 Ne4 38. Nxe4 Qxe4 39. e6 Ke7 40. exf7 Kf8 41.
Rh6 Rxf7 42. Rh8+ Kg7 43. Qh6# 1-0

[Event "Online Olym Div3 B 2021"]
[Site "chess.com INT"]
[Date "2021.08.29"]
[Round "8.4"]
[Board "1"]
[White "Zaibi, Amir"]
[Black "Mansour, Sameer"]
[Result "1-0"]
[WhiteTitle "GM"]
[BlackTitle "IM"]
[WhiteElo "2398"]
[BlackElo "2308"]
[WhiteTeam "Tunisia"]
[BlackTeam "Jordan"]
[WhiteFideId "5500796"]
[BlackFideId "8100144"]
[EventDate "2021.08.27"]
[EventType "team"]

1. e4 d6 2. d4 Nf6 3. Nc3 g6 4. f3 Bg7 5. Be3 O-O 6. Qd2 c6 7. O-O-O b5 8. Kb1
h5 9. h3 b4 10. Nce2 Qa5 11. g4 c5 12. dxc5 dxc5 13. Nc1 Nc6 14. Nb3 Qc7 15.
Nxc5 a5 16. Bb5 Rd8 17. Qc1 Bb7 18. Nxb7 Qxb7 19. Bxc6 Qxc6 20. Ne2 a4 21. Rxd8+
Rxd8 22. Rd1 Rc8 23. Qd2 a3 24. Bd4 axb2 25. Bxb2 hxg4 26. hxg4 Qa6 27. Nc1 Qc6
28. Nd3 Rd8 29. Rh1 Qc7 30. Qh2 Qxh2 31. Rxh2 Rb8 32. Ne5 Nh7 33. Nxf7 Rf8 34.
Ne5 Bxe5 35. Bxe5 Rxf3 36. Rh6 Nf6 37. Bxf6 Rxf6 38. g5 Re6 39. Rh4 Re5 40. Rg4
Kf7 41. Kb2 Ke6 42. Kb3 Rb5 43. Rh4 Ke5 44. Rh6 Rb6 45. Rh4 Rb8 46. Kc4 Rb7 47.
Rh6 Rb6 48. Kc5 Ra6 49. Kxb4 Kxe4 50. a4 e5 51. Kb5 Re6 52. a5 Kf5 53. a6 e4 54.
a7 Re8 55. Rh3 Kf4 56. c4 e3 57. c5 e2 58. Rh1 Ke3 59. c6 Kd2 60. c7 Rf8 61. Ra1
Kd3 62. Kc6 Rf1 63. a8=Q 1-0